|
|
|
|
| LEADER |
00000naa2a2200000 4500 |
| 001 |
222121 |
| 005 |
20260213163853.0 |
| 035 |
|
|
|a (RuTPU)RU\TPU\book\242304
|
| 035 |
|
|
|a RU\TPU\book\241874
|
| 090 |
|
|
|a 222121
|
| 100 |
|
|
|a 20120918d2012 k y0rusy50 ca
|
| 101 |
0 |
|
|a rus
|
| 102 |
|
|
|a RU
|
| 135 |
|
|
|a drnn ---uucaa
|
| 181 |
|
0 |
|a i
|
| 182 |
|
0 |
|a b
|
| 200 |
1 |
|
|a Информационно-измерительная система для теплофизических измерений
|f Н. Ю. Полунина, Е. П. Полунин
|g науч. рук. И. В. Рогов
|
| 203 |
|
|
|a Текст
|c электронный
|
| 215 |
|
|
|a 1 файл (796 Кб)
|
| 225 |
1 |
|
|a Секция 2. Приборостроение
|
| 300 |
|
|
|a Заглавие с титульного листа
|
| 320 |
|
|
|a [Библиогр.: с. 236 (1 назв.)]
|
| 337 |
|
|
|a Adobe Reader
|
| 461 |
|
1 |
|0 (RuTPU)RU\TPU\book\240890
|t Современные техника и технологии
|o сборник трудов XVIII международной научно-практической конференции студентов, аспирантов и молодых ученых, Томск, 9-13 апреля 2012 г
|o в 3 т.
|f Национальный исследовательский Томский политехнический университет (ТПУ)
|d 2012
|
| 463 |
|
1 |
|0 (RuTPU)RU\TPU\book\240891
|t Т. 1
|v [С. 235-236]
|d 2012
|
| 610 |
1 |
|
|a электронный ресурс
|
| 610 |
1 |
|
|a информационно-измерительные системы
|
| 610 |
1 |
|
|a теплофизические измерения
|
| 610 |
1 |
|
|a теплозащитные материалы
|
| 610 |
1 |
|
|a энергосбережение
|
| 700 |
|
1 |
|a Полунина
|b Н. Ю.
|
| 701 |
|
1 |
|a Полунин
|b Е. П.
|
| 702 |
|
1 |
|a Рогов
|b И. В.
|4 727
|
| 801 |
|
2 |
|a RU
|b 63413507
|c 20160627
|g RCR
|
| 856 |
4 |
|
|u http://www.lib.tpu.ru/fulltext/v/Conferences/2012/C2/V1/v1_115.pdf
|
| 942 |
|
|
|c CF
|